Zaz - Je Veux - quiz de paroles - Statistiques

Statistiques générales
  • Ce quiz a été pris 1 971 fois
    1 906 depuis la dernière actualisation
  • Le résultat moyen est 186 sur 263
Statistiques - réponses
Paroles % Correct
je
100%
Je
100%
veux
99%
à
98%
de
97%
la
97%
97%
pas
96%
moi
95%
Moi
95%
ma
94%
bonne
93%
humeur
92%
joie
92%
le
91%
qui
91%
argent
89%
mon
89%
votre
89%
bonheur
88%
main
88%
cœur
86%
sur
86%
d'la
81%
j'veux
81%
Un
80%
crever
79%
j'en
79%
J'en
79%
f'ra
77%
quoi
77%
une
76%
Donnez
75%
ferais
75%
n'en
75%
Des
74%
des
74%
c'n'est
73%
C'n'est
73%
c'est
72%
d'l'amour
69%
chez
67%
limousine
67%
bijoux
66%
Chanel
66%
pour
66%
Tour
61%
au
59%
Eiffel
58%
suite
57%
en
56%
manoir
55%
liberté
54%
vos
54%
Ritz
53%
tous
53%
dans
52%
Offrez
52%
réalité
51%
les
50%
Bienvenue
49%
ça
49%
donc
49%
Allons
48%
découvrir
48%
et
48%
clichés
46%
Oubliez
46%
ensemble
44%
du
42%
ai
41%
comme
41%
avec
38%
mange
37%
marre
36%
Neuchâtel
35%
j'suis
34%
J'suis
34%
mains
34%
personnel
34%
manière
32%
trop
32%
suis
31%
bonnes
28%
parle
27%
fort
26%
excusez
25%
casse
24%
franche
24%
manières
24%
d'vos
22%
j'me
22%
bois
20%
langues
19%
l'hypocrisie
17%
toute
15%
Finie
11%
Regardez
11%
j'vous
10%
Aucun quiz correspondant
Distribution des résultats
% des personnes avec chaque résultat
Percentile par nombre de réponses
Votre historique - résultats
Vous n’avez pas pris ce quiz depuis la dernière actualisation